Penglahiran keluarga bahagia (Record no. 69782)

MARC details
000 -LEADER
fixed length control field 00852nam a2200289 i 4500
001 - CONTROL NUMBER
control field C2-0258169
003 - CONTROL NUMBER IDENTIFIER
control field PPAK
005 - DATE AND TIME OF LATEST TRANSACTION
control field 20180727224851.0
008 - FIXED-LENGTH DATA ELEMENTS--GENERAL INFORMATION
fixed length control field 041007s2004 my a|||| ||||| | may d
020 ## - INTERNATIONAL STANDARD BOOK NUMBER
International Standard Book Number 9831980352
040 ## - CATALOGING SOURCE
Original cataloging agency PPAK
Language of cataloging eng
Transcribing agency PPAK
Description conventions rda
082 04 - DEWEY DECIMAL CLASSIFICATION NUMBER
Classification number 371.4
Edition number 23
090 00 - LOCALLY ASSIGNED LC-TYPE CALL NUMBER (OCLC); LOCAL CALL NUMBER (RLIN)
Classification number (OCLC) (R) ; Classification number, CALL (RLIN) (NR) 371.4
Feature heading ZUR
Feature heading K
Classification number (OCLC) (R) ; Classification number, CALL (RLIN) (NR) 371.4
Feature heading ZUR
Feature heading RK
100 0# - MAIN ENTRY--PERSONAL NAME
Personal name Zurinah Ahmad,
Relator term author
245 10 - TITLE STATEMENT
Title Penglahiran keluarga bahagia
264 #1 - PRODUCTION, PUBLICATION, DISTRIBUTION, MANUFACTURE, AND COPYRIGHT NOTICE
Place of production, publication, distribution, manufacture Kuala Lumpur :
Name of producer, publisher, distributor, manufacturer Jade Green Publications ,
Date of production, publication, distribution, manufacture, or copyright notice 2004
300 ## - PHYSICAL DESCRIPTION
Extent 64 pages :
Other physical details colour illustrations ;
Dimensions 29 cm
336 ## - CONTENT TYPE
Source rdacontent
Content type term text
337 ## - MEDIA TYPE
Source rdamedia
Media type term unmediated
338 ## - CARRIER TYPE
Source rdacarrier
Carrier type term volume
490 1# - SERIES STATEMENT
Series statement Bimbingan dan kaunseling
650 10 - SUBJECT ADDED ENTRY--TOPICAL TERM
Topical term or geographic name entry element Vocational guidance ; Career education ; Motivation (Psychology)
700 ## - ADDED ENTRY--PERSONAL NAME
Relator term author
830 #0 - SERIES ADDED ENTRY--UNIFORM TITLE
Uniform title Bimbingan dan kaunseling
942 ## - ADDED ENTRY ELEMENTS (KOHA)
-- dc
Koha item type Book
Holdings
Withdrawn Not for loan Current library Shelving location Date acquired Full call number Barcode Date last seen Koha item type Total Checkouts Date last checked out
  Not For Loan Perpustakaan Alor Setar Rujukan Kanak-kanak 05/01/2005 RK 371.4 ZUR A01074262 08/05/2018 Book    
    Perpustakaan Awam Sungai Petani Pinjaman Kanak-kanak 24/08/2004 K 371.4 ZUR A01068838 08/05/2018 Book    
    Perpustakaan Baling Pinjaman Kanak-kanak 24/08/2004 K 371.4 ZUR A01068840 04/10/2021 Book 1 14/09/2021
    Perpustakaan Kulim Pinjaman Kanak-kanak 24/08/2004 K 371.4 ZUR A01068839 08/05/2018 Book    
    Perpustakaan Kulim Pinjaman Kanak-kanak 03/11/2004 K 371.4 ZUR A01072040 08/05/2018 Book